|
|
|
|
| LEADER |
00000nam2a2200000 4500 |
| 001 |
258440 |
| 005 |
20231101233310.0 |
| 035 |
|
|
|a (RuTPU)RU\TPU\book\281301
|
| 035 |
|
|
|a RU\TPU\book\281297
|
| 090 |
|
|
|a 258440
|
| 100 |
|
|
|a 20140424d1988 k y0rusy50 ca
|
| 101 |
0 |
|
|a rus
|
| 102 |
|
|
|a RU
|
| 105 |
|
|
|a a z 001zy
|
| 200 |
0 |
|
|a Т. 41 : Открытые работы
|f под ред. А. Е. Смолдырева, Н. Н. Епифанцева
|
| 210 |
|
|
|d 1988
|
| 215 |
|
|
|a 144 с.
|c ил.
|
| 320 |
|
|
|a Библиография в конце обзоров
|
| 461 |
|
1 |
|0 (RuTPU)RU\TPU\book\176998
|x 0202-7410
|t Разработка месторождений твердых полезных ископаемых
|f Академия наук СССР, Всесоюзный институт научной и технической информации
|v Т. 41 : Открытые работы
|d 1963-1992
|s Разработка месторождений твердых полезных ископаемых
|
| 606 |
1 |
|
|a Месторождения полезных ископаемых
|x Системы разработки, открытая
|2 stltpush
|3 (RuTPU)RU\TPU\subj\42249
|
| 606 |
1 |
|
|a Твердые полезные ископаемые
|x Добыча
|2 stltpush
|3 (RuTPU)RU\TPU\subj\58605
|9 76377
|
| 610 |
1 |
|
|a твердые полезные ископаемые
|
| 610 |
1 |
|
|a карьеры
|
| 610 |
1 |
|
|a автоматизированное проектирование
|
| 610 |
1 |
|
|a математические модели
|
| 610 |
1 |
|
|a моделирование
|
| 610 |
1 |
|
|a проектирование
|
| 610 |
1 |
|
|a торф
|
| 610 |
1 |
|
|a переработка
|
| 610 |
1 |
|
|a добыча
|
| 610 |
1 |
|
|a пневмотранспорт
|
| 610 |
1 |
|
|a обзоры
|
| 675 |
|
|
|a 622.33
|v 3
|
| 702 |
|
1 |
|a Смолдырев
|b А. Е.
|4 340
|
| 702 |
|
1 |
|a Епифанцев
|b Н. Н.
|4 340
|
| 801 |
|
1 |
|a RU
|b 63413507
|c 20140424
|
| 801 |
|
2 |
|a RU
|b 63413507
|c 20210218
|g RCR
|
| 942 |
|
|
|c BK
|